[Event "RSA-chT U20"]
[Site "Boksburg"]
[Date "2018.01.05"]
[Round "3.1"]
[White "Masiya, Mfundo"]
[Black "Goldberg, Shmuel"]
[Result "1-0"]
[WhiteElo "1787"]
[BlackElo "1699"]
[PlyCount "141"]
[EventDate "2018.01.04"]
[EventType "team-tourn"]
[EventRounds "7"]
[EventCountry "RSA"]
[SourceTitle "CBM 182 Extra"]
[Source "ChessBase"]
[SourceDate "2018.02.23"]
[SourceVersion "1"]
[SourceVersionDate "2018.02.23"]
[SourceQuality "1"]
[WhiteTeam "Ekurhuleni U20"]
[BlackTeam "Johannesburg Metro U20"]
[WhiteTeamCountry "RSA"]
[BlackTeamCountry "RSA"]

1. e4 e5 2. Nf3 Nc6 3. d4 exd4 4. Nxd4 Bc5 5. Be3 Qf6 6. c3 Nge7 7. Bc4 d6 8. 0-0 Ne5 9. Be2 c6 10. f4 N5g6 11. Qd2 Qh4 12. b4 Bb6 13. g3 Qh3 14. f5 Ne5 15. Na3 h5 16. Nc4 Nxc4 17. Bxc4 h4 18. Qg2 hxg3 19. hxg3 Bd7 20. Qxh3 Rxh3 21. Kg2 Rh8 22. Rh1 Rf8 23. Rh7 d5 24. exd5 Nxf5 25. Re1 0-0-0 26. Nxf5 Bxf5 27. Bxb6 axb6 28. Rxg7 cxd5 29. Bb3 Be4+ 30. Kf2 Bg6 31. Re2 d4 32. cxd4 Rxd4 33. Bc2 Bxc2 34. Rxc2+ Kd7 35. Rb2 Rh8 36. Ke3 Rc4 37. Rxf7+ Kc6 38. b5+ Kd5 39. Rd7+ Ke5 40. Kd3 Rhc8 41. Rb3 Ra4 42. a3 Rf8 43. Ke2 Rfa8 44. Re3+ Kf5 45. Rf7+ Kg4 46. Rg7+ Kh3 47. Rxb7 Rxa3 48. Rxa3 Rxa3 49. Rxb6 Kxg3 50. Rf6 Kg4 51. Kd2 Kg5 52. Ra6 Rb3 53. Ra5 Kf6 54. Kc2 Rb4 55. Kc3 Rb1 56. Kc4 Rc1+ 57. Kd5 Ke7 58. b6 Kd7 59. Rc5 Rb1 60. Rc7+ Kd8 61. Kc6 Rc1+ 62. Kb7 Rb1 63. Rc2 Rb4 64. Rd2+ Ke7 65. Kc7 Rc4+ 66. Kb8 Rb4 67. b7 Ke6 68. Kc7 Rc4+ 69. Kb6 Rb4+ 70. Kc6 Ke7 71. Rd5 1-0

[Event "South African op"]
[Site "Cape Town"]
[Date "2015.07.07"]
[Round "7"]
[White "Darling, Paul D"]
[Black "Goldberg, Shmuel"]
[Result "1-0"]
[WhiteElo "1870"]
[BlackElo "1555"]
[PlyCount "61"]
[EventDate "2015.07.03"]
[EventType "swiss"]
[EventRounds "11"]
[EventCountry "RSA"]
[SourceTitle "CBM 167 Extra"]
[Source "ChessBase"]
[SourceDate "2015.09.14"]
[SourceVersion "1"]
[SourceVersionDate "2015.09.14"]
[SourceQuality "1"]

1. e4 c5 2. Nf3 d6 3. d4 cxd4 4. Nxd4 Nf6 5. Nc3 a6 6. Bc4 e6 7. Bb3 Be7 8. Be3 Nc6 9. Qe2 Qc7 10. 0-0-0 Na5 11. g4 Nxb3+ 12. axb3 b5 13. g5 Nd7 14. f4 Bb7 15. f5 e5 16. Nf3 Nc5 17. Bxc5 Qxc5 18. Nd5 Bf8 19. b4 Qc6 20. Rd3 Rb8 21. Rhd1 h6 22. Rc3 Qd7 23. Nc7+ Kd8 24. Nxe5 Qe7 25. Rxd6+ Qxd6 26. Nxf7+ Kd7 27. Nxd6 Bxd6 28. Ne6 hxg5 29. Nc5+ Ke7 30. Nxb7 Rxb7 31. e5 1-0

[Event "South African op"]
[Site "Cape Town"]
[Date "2015.07.05"]
[Round "4"]
[White "Mare, Eben"]
[Black "Goldberg, Shmuel"]
[Result "0-1"]
[WhiteElo "1982"]
[BlackElo "1555"]
[PlyCount "66"]
[EventDate "2015.07.03"]
[EventType "swiss"]
[EventRounds "11"]
[EventCountry "RSA"]
[SourceTitle "CBM 167 Extra"]
[Source "ChessBase"]
[SourceDate "2015.09.14"]
[SourceVersion "1"]
[SourceVersionDate "2015.09.14"]
[SourceQuality "1"]

1. e4 c5 2. Nf3 d6 3. d4 cxd4 4. Nxd4 Nf6 5. Nc3 a6 6. Be3 e6 7. Qd2 Nbd7 8. f3 b5 9. 0-0-0 Bb7 10. Kb1 b4 11. Nce2 d5 12. exd5 Nxd5 13. Bg5 Qb6 14. Nf4 Nc3+ 15. Ka1 Nxd1 16. Bc4 Nxb2 17. Kxb2 Qc5 18. Ndxe6 Qxc4 19. Re1 Ne5 20. Kb1 f6 21. Nxf8 Rxf8 22. Qd6 Rf7 23. Nd3 Qc7 24. Qxb4 Bd5 25. Kc1 Re7 26. Nxe5 Rxe5 27. Bf4 Rxe1+ 28. Qxe1+ Qe7 29. Qa5 Rd8 30. Bd2 Bc4 31. Qh5+ g6 32. Qh4 Qa3+ 33. Kd1 Qe3 0-1